000 00285nam a22001337a 4500
008 170316b xxu||||| |||| 00| 0 eng d
020 _a9780801669033
041 _aeng
080 _a611
100 _a7
101 _aSHM
245 _aHUMAN PHYSIOLOGY
_cMOFFETT.D.F
942 _2udc
_cBK
999 _c7941
_d7941